| Tag |
First Indicator |
Second Indicator |
Subfields |
| LEADER |
00000cam a22000001 4500 |
| 001 |
in00004589529 |
| 008 |
730301s1916 nyua 000 0 eng |
| 005 |
20220808180723.6 |
| 010 |
|
|
|a 17012277
|
| 035 |
|
|
|a (OCoLC)ocm00566946
|
| 035 |
|
|
|a (OCoLC)ocm00566946
|
| 040 |
|
|
|a DLC
|b eng
|c DLC
|d WSU
|d AGL
|d LVB
|d DRB
|d UPM
|d AMAZN
|d UKMGB
|d OCLCF
|d OCLCQ
|d OCLCO
|d OCLCQ
|d IMD
|d OCLCQ
|d NLC
|d OCLCQ
|d TYC
|d DLC
|d OCLCQ
|d OCLCO
|d OCL
|
| 015 |
|
|
|a 801109922 ev
|2 can
|
| 015 |
|
|
|a 801109922 rev2/r84
|2 can
|
| 015 |
|
|
|a 801109922
|2 can
|
| 016 |
|
|
|a (AMICUS)000002767951
|
| 016 |
7 |
|
|a CAT11034726
|2 DNAL
|
| 016 |
7 |
|
|a 003876220
|2 Uk
|
| 019 |
|
|
|a 976473722
|
| 035 |
|
|
|a (OCoLC)566946
|z (OCoLC)976473722
|
| 042 |
|
|
|a premarc
|
| 043 |
|
|
|a n-us---
|
| 045 |
|
|
|a u9x1
|
| 050 |
0 |
0 |
|a TS1095.U6
|b W4
|
| 070 |
0 |
|
|a 302
|b W41
|
| 072 |
|
0 |
|a K530
|
| 072 |
|
0 |
|a E700
|
| 072 |
|
0 |
|a B500
|
| 082 |
0 |
4 |
|a 676
|
| 084 |
|
|
|a cci1icc
|2 lacc
|
| 084 |
|
|
|a coll1
|2 lacc
|
| 100 |
1 |
|
|a Weeks, Lyman Horace.
|
| 245 |
1 |
2 |
|a A history of paper-manufacturing in the United States, 1690-1916.
|
| 260 |
|
|
|a New York,
|b The Lockwood trade journal Company,
|c 1916.
|
| 300 |
|
|
|a xv, 352 pages
|b including front, illustrations, portraits
|c 23 cm
|
| 336 |
|
|
|a text
|b txt
|2 rdacontent
|
| 337 |
|
|
|a unmediated
|b n
|2 rdamedia
|
| 338 |
|
|
|a volume
|b nc
|2 rdacarrier
|
| 530 |
|
|
|a Also available in digital form on the Internet Archive Web site.
|
| 500 |
|
|
|a The Cushing Library/Basbanes Collection copy is part of the Nicholas A. Basbanes Collection.
|
| 541 |
0 |
|
|a Donated by Nicholas A. Basbanes ‡d 20151124.
|
| 650 |
|
0 |
|a Papermaking
|z United States
|x History.
|
| 650 |
|
0 |
|a Paper industry
|z United States
|x History.
|
| 650 |
|
6 |
|a Papier
|x Industrie
|z États-Unis
|x Histoire.
|
| 650 |
|
6 |
|a Papeterie
|z États-Unis
|x Histoire.
|
| 650 |
|
7 |
|a Paper industry.
|2 fast
|0 (OCoLC)fst01052447
|
| 650 |
|
7 |
|a Papermaking.
|2 fast
|0 (OCoLC)fst01052642
|
| 651 |
|
7 |
|a United States.
|2 fast
|0 (OCoLC)fst01204155
|
| 655 |
|
7 |
|a History.
|2 fast
|0 (OCoLC)fst01411628
|
| 776 |
0 |
8 |
|i Online version:
|a Weeks, Lyman Horace.
|t History of paper-manufacturing in the United States, 1690-1916.
|d New York, Lockwood trade journal Co., 1916
|w (OCoLC)572546855
|
| 856 |
4 |
1 |
|u http://hdl.loc.gov/loc.gdc/scd0001.00019734481
|t 0
|
| 938 |
|
|
|a AMAZON
|b AMZN
|n B002IKKMW6
|
| 029 |
1 |
|
|a AU@
|b 000027763072
|
| 029 |
1 |
|
|a NLC
|b 000002767951
|
| 994 |
|
|
|a Z0
|b TXA
|
| 948 |
|
|
|h NO HOLDINGS IN TXA - 186 OTHER HOLDINGS
|
| 999 |
f |
f |
|s 78a6d342-54a4-4d7b-8b85-809237da7bd8
|i 78a6d342-54a4-4d7b-8b85-809237da7bd8
|t 0
|
| 952 |
f |
f |
|p noncirc
|a Texas A&M University
|b College Station
|c Cushing Memorial Library & Archives
|d Cushing: Nicholas Basbanes (Does not check out)
|t 0
|e TS1095.U6 W4
|h Library of Congress classification
|i unmediated -- volume
|m A1485288058G
|
| 998 |
f |
f |
|a TS1095.U6 W4
|t 0
|l Cushing: Nicholas Basbanes (Does not check out)
|